Guess The Band via Albums #1 - Statistics

General Stats
  • This quiz has been taken 52 times
  • The average score is 9 of 20
Answer Stats
Albums Band % Correct
Kill 'Em All & Reload Metallica
82%
Overkill & Ace of Spades Motorhead
82%
Bleach & In Utero Nirvana
80%
News Of The World & A Night At The Opera Queen
69%
Heaven and Hell & Sabotage Black Sabbath
64%
Toxicity & Hypnotize System of a Down
62%
Meteora & Living Things Linkin Park
47%
Get A Grip & Toys in The Attic Aerosmith
44%
The Battle of Los Angeles & Evil Empire Rage Against The Machine
42%
Facelift & Dirt Alice In Chains
40%
Untouchables & Follow The Leader KoRn
40%
Iowa & We Are Not Your Kind Slipknot
38%
Vitalogy & V.S. Pearl Jam
33%
Three Dollar Bill, Y'all & Significant Other Limp Bizkit
31%
Undertow & 10,000 Days Tool
31%
Purple & Core Stone Temple Pilots
29%
The Open Door & Fallen Evanescence
13%
The Long Road & Dark Horse Nickelback
13%
The Oracle & All Wound Up... Godsmack
9%
Holding Onto Strings Better Left To Fray & Karma and Effect Seether
9%
No matching quizzes found
Score Distribution
Percent of People with Each Score
Percentile by Number Answered
Your Score History
You have not taken this quiz